[Event "Campeonato Mundial"]
[Site "CXC"]
[Date "2004.09.26"]
[Round "2"]
[White "Kramnik, V."]
[Black "Leko, P."]
[Result "1/2-1/2"]
[WhiteElo "2770"]
[BlackElo "2741"]
[EventDate "2004.09.25"]
[PlyCount "35"]

1. e4
{Ao contrario de Leko, Kramnik tem jogado e4 e d4 quase que com a mesma frequência. Leko, assim como Fischer, joga somente e4.}
1... e5
{Isto e uma surpresa preparada por Leko, que é praticamente casado com a Siciliana. (Nao digam isto a esposa dele, que e armena.)}
2. Nf3 Nc6 3. Bb5 a6
{Durante o  pouco tempo que Leko jogou a Abertura Ruy Lopez no passado ele usava as variantes da moda 3...Cf6, 4...Bc5.}
4. Ba4 Nf6 5. O-O Be7 6. Re1 b5 7. Bb3 O-O 8. h3
{Este lance, juntamente com 8.a4, caracteriza a variante "anti-Marshall" em que as brancas evitam jogar o normal c3. Depois de 8.c3 as pretas podem jogar o Gambito Marshall com 8...d5!, assumindo a iniciativa e entrando em um dos mais analisados sistemas de xadrez. Entre os GMs do mundo podemos destacar dois grupos: o daqueles que permitem o Marshall e o daqueles que nao permitem. É seguro afirmar que ninguem joga 8.h3 porque tem medo da sequência 8.c3 d6.}
8... Bb7 9. d3 Re8 (9... d6 {é a linha principal.} 10. a3 Na5 (10... Nb8
11. Nbd2 Nbd7 12. Nf1) 11. Ba2 c5 12. Nc3 Nc6) 10. Nc3
{Kramnik jogou esta posicao contra Anand em Dortmund no ano passado e, naquela ocasiao, optou por a3.} (
10. a3 Bc5 11. Nc3 d6 12. Nd5 h6 13. c3 Ba7 14. Be3 Bxe3 15. Rxe3 Nd7 16. Ba2
Ne7 17. Nxe7+ Qxe7 18. Nh2 Nf6 19. Ng4
{1/2-1/2 Kramnik,V-Anand,V/Dortmund ALE 2004/(19)}) 10... Bb4
{Leko joga de maneira provocante, e ele admitiu isto apos a partida. Ele disse que queria ver se Kramnik estava se sentindo feliz com as brancas, algo que ele poderia ser capaz de explorar. De acordo com o meu banco de dados, este lance foi jogado somente uma vez antes desta partida: por Ivanchuk em Monaco, 2003... contra Leko!} (
10... h6 11. a3 Bc5 12. Be3 Nd4 13. Ba2 d6 14. b4 Bb6 15. Bxd4 exd4 16. Ne2
{1/2-1/2 Bologan,V-Onischuk,A/Cap d'Agde 2002/CBM 92 (47)}) 11. Ng5
{O ataque em f7 ganha um tempo para jogar f4.} (11. Bd2 Na5 12. Nd5 Nxb3
13. Nxf6+ Qxf6 14. axb3 Bf8 15. c4 b4 16. Nh2 Qe6 17. Qf3 a5
{1/2-1/2 Leko,P-Ivanchuk,V/Monte Carlo 2003/CBM 93 ext (54)}) 11... Rf8 12. a3
{"De-me o Bispo ou perca um tempo para recua-lo". Isto tambem cria um esconderijo seguro para o Bispo branco em a2.} (
{Tambem poderia ser jogado} 12. f4) 12... Bxc3 13. bxc3
{As brancas possuem o par de Bispos, e os Peoes dobrados podem auxiliar a expansao central por meio de d4.}
13... Na5 14. Ba2 c5
{O plano padrao para pressionar a ala da dama, no entanto, as vezes o Cavalo vai a b8 para posteriormente ir a d7.}
15. f4 {Temporariamente entregando um Peao para ganhar espaco no centro.}
15... exf4 16. e5 Nd5 17. Bxd5 (17. Qh5 $6 h6 18. Ne4 (18. Bxd5 hxg5 19. c4
bxc4 20. dxc4 Bxd5 21. cxd5 f6 22. Bb2) 18... c4) 17... Qxg5 (17... Bxd5
18. Qh5 h6 19. Ne4 Bxe4 20. Rxe4 Qg5) 18. Bxb7
{As brancas nao possuem vantagem nesta posicao e Kramnik nao viu chance de criar alguma e é claro que elas rapidamente recuperam o Peao. Um facil empate de pretas contra Kramnik nao é pouca coisa, no entanto ate agora ele possui um ponto a mais que Leko (na realidade dois pontos, porque se o match terminar empatado Kramnik vence gracas a sua vantagem de empate).} (
{A continuacao da partida seria} 18. Bxb7 Nxb7 19. Qf3 Qg3 20. Qxg3 fxg3
21. Bf4) 1/2-1/2

[Event "Armenia contra o resto do mundo"]
[Site "CXC"]
[Date "2004.06.11"]
[Round "2"]
[White "Vallejo Pons, F."]
[Black "Kasparov, G."]
[Result "1/2-1/2"]
[WhiteElo "2666"]
[BlackElo "2817"]
[EventDate "2004.06.10"]
[Annotator "GM Mikhail Golubev"]
[PlyCount "67"]
[Source "Chess Today"]
[SourceDate "2004.06.12"]

1. e4 c5 2. Nf3 d6 3. d4 cxd4 4. Nxd4 Nf6 5. Nc3 a6 6. Bg5 e6 7. f4 Qb6 8. Qd2
Qxb2 9. Rb1 Qa3 10. f5 (10. e5 {(Keres-Fuderer, Goteborg 1955)} 10... dxe5
11. fxe5 Nfd7) 10... Nc6 11. fxe6 fxe6 12. Nxc6 bxc6 13. e5 (13. Be2 Be7
14. O-O O-O 15. Rb3 Qc5+ 16. Be3 Qe5 17. Bd4 (17. Bf4 Qc5+ 18. Kh1 Ng4 19. h3
e5 20. Na4 Qa7 21. Bc4+ Kh8 22. hxg4 exf4 23. Nb6 d5 $1 $13
{Ivanchuk-Kasparov, Linares 1990}) 17... Qa5 18. Bb6 Qe5
{1/2-1/2 Short-Kasparov, Novgorod 1995}) 13... dxe5 14. Bxf6 gxf6 15. Ne4 Qxa2 (
15... Be7 16. Be2 h5 {(Kavalek-Fischer, Sousse 1967)} 17. Rf1 $5
{este lance foi uma novidade no ano 2003} 17... f5 18. Rf3 (18. Rb3 $5)
18... Qxa2 19. Rfb3 fxe4 (19... Qa4 $5 20. Nd6+ Bxd6 21. Qxd6 Qa5+ 22. Kf1 Ra7
{, Vasquez - Kosteniuk, Dos-Hermanas Internet 2004,} 23. Rb6 $5) (19... O-O
20. Bc4 $5 $40 {Sutovsky}) 20. Qc3 Bd8 21. Qxc6+ Bd7 $146 (21... Ke7 22. Qxa8
Qxc2 23. Qa7+ Bd7 24. Rb7 $16 {Ibraev-Kokarev, Sao Petersburgo 2003}) 22. Qxe4
$3 Kf7 (22... Qa5+ 23. Kf1 O-O+ 24. Kg1 $1 Bf6 25. Rg3+ Kf7 26. Rd3 $1 Qc5+
27. Kh1 Qe7 28. Qh7+ Ke8 29. Bxh5+ Kd8 30. Qe4 Rc8 31. Qa4 $3 $18 {Sutovsky})
23. Kf1 $5 {Gubajdullin-Biriukov, Sao Petersburgo 2003} (23. Rd1 Qa4 24. Rf3+
$40 {Sutovsky})) 16. Rd1 Be7 17. Be2 O-O 18. O-O Ra7 $1 (18... f5 19. Qh6 Qxc2
20. Rd3 $140 Qxe2 21. Rg3+ Kf7 22. Rxf5+ exf5 23. Rg7+ Ke8 24. Qxc6+ Kd8
25. Qb6+ $11 {Velimirovic-Ftacnik, Vrsac 1981}) 19. Rf3 (19. Qh6 $6
{(Topalov-Gelfand, Wijk aan Zee 1998)} 19... Qxc2 $1) 19... Kh8 (19... Rd7
20. Rg3+ Kh8) 20. Rg3 Rd7 21. Qh6 Rf7 22. Qh5 $1 $11 Rxd1+ 23. Bxd1 Qa5 (
23... Qd5 $5 24. Qxf7 Qxd1+ $11) 24. Kf1 Qd8 (24... Qb5+ $2 25. Be2 Qb1+
26. Kf2 Qb7 (26... Qb6+ 27. Kf3 f5 28. Qxf7 fxe4+ 29. Kg4 Qd8 $16) 27. Bxa6
Qa7+ 28. Kf3 $16 {Poliakov-Khenkin, URSS 1988}) 25. Qxf7 Qxd1+ 26. Kf2 Qxc2+
27. Kf3 (27. Ke3 Bc5+ 28. Nxc5 Qxc5+ 29. Kf3 e4+ $1 (29... Qd5+ $4 30. Kg4 $1
Qe4+ 31. Kh3 Qf5+ 32. Rg4 $18) 30. Kxe4 Qc4+ $11
{1/2-1/2 Andersson-Poulsen, Olimpiada por Correspondencia1991}) 27... Qd1+
28. Kf2 Qc2+ 29. Ke3 Bc5+ 30. Nxc5 Qxc5+ 31. Kd2 $146 Qf2+ 32. Kc3 Qd4+ 33. Kc2
Qf2+ 34. Kc3 1/2-1/2

[Event "II Gyorgy Marx Mem"]
[Site "CXC"]
[Date "2004.05.13"]
[Round "8"]
[White "Korchnoi, V."]
[Black "Beliavsky, A."]
[Result "0-1"]
[WhiteElo "2579"]
[BlackElo "2667"]
[EventDate "2004.05.05"]
[Annotator "GM Ruslan Scherbakov"]
[PlyCount "53"]
[Source "Chess Today"]
[SourceDate "2004.06.14"]

1. d4 Nf6 2. c4 e6 3. Nc3 Bb4 4. e3 O-O 5. Ne2 d5 6. a3 Be7 7. Ng3
{Esta linha da Nimzoindia nao e muito ambiciosa e as pretas conseguem aceitavel jogo sem nenhum problema real.}
7... a5 $5
{E dificil de acreditar, mas este lance nunca foi jogado! No entanto, a ideia e muito interessante - as pretas impedem o avanco b2-b4 e preparam ...c7-c5.}
8. Qc2 (8. c5 {era obviamente respondido por} 8... b6
{mas aqui as brancas poderiam conseguir uma solida posicao com} 9. cxb6 cxb6
10. Bb5) 8... c5 9. dxc5 Bxc5 10. cxd5 exd5 11. Be2 Nc6
{As pretas ja conseguiram um confortavel jogo - as pecas brancas nao estao prontas para parar o Peao isolado em d5.}
12. O-O d4 {Geralmente um avanco de Peoes isolados resolve todos os problemas.}
13. Nb5 Qb6 14. e4
{As brancas possuem a maioria de Peoes na ala do rei, mas talvez elas nao estejam preparadas para provar essa vantagem.} (
{O mais realizavel} 14. Ne4 $5 Nxe4 15. Qxe4 {merecia seria atencao.})
14... Ne5 $1
{As pretas estao corretamente jogando por meio de golpes taticos, conectado com o avanco de seu Peao d4, a bastante instavel posicao do Cavalo branco e a possivel pressao total na casa f2.}
15. a4 (15. Bf4 {poderia ser retrucado com} 15... d3 $1 16. Bxd3 Nxd3 17. Qxd3
Rd8 $36 {com uma aborrecedora iniciativa. Por exemplo,} 18. Qe2 Bg4 19. Qc4
Rac8) 15... Nfg4 $1 16. Nh1
{Se as brancas realmente precisavam jogar um lance tao profilatico, entao definitivamente ha algo de errado com esta posicao.} (
{Em caso de} 16. Bxg4 {as pretas possuem o forte} 16... d3
{seguido de ...Ce5xg4 com uma clara vantagem.}) 16... Rd8 17. Bd3 Ne3 $1
{Gracas ao seu jogo muito energico na abertura as pretas conseguiram posicao superior e agora iniciam acoes concretas.}
18. fxe3 Nxd3 19. exd4 (19. Nxd4 Rxd4 {era a mesma coisa.}) 19... Rxd4 $1
20. Nxd4 Bxd4+ 21. Nf2 Nxf2 22. Rxf2 Be6
{As pretas tem tempo de colocar as suas pecas restantes no jogo.} 23. Bf4 Rc8
24. Qd2 Bb3 25. Ra3 $2 {Isto perde forcado.} ({O lance} 25. Bg3
{era o mais resistente, porem apos} 25... Rc2 26. Qf4 h6 27. Rf1 Rxb2 28. Kh1
Bxf2 29. Bxf2 Qc6
{as pretas conseguem boas chances de vitoria, pois as brancas nao podem defender o seu Peao a4.})
25... Rc2 26. Rxb3 Rxd2
{E aqui, de acordo com o site oficial, as brancas jogaram:} 27. Rxb6
{e abandonaram, por causa do evidente 27. ..Td1 mate.} 0-1

[Event "Armenia contra o resto do mundo"]
[Site "CXC"]
[Date "2004.06.13"]
[Round "4"]
[White "Lputian, S."]
[Black "Bacrot, E."]
[Result "0-1"]
[WhiteElo "2634"]
[BlackElo "2675"]
[EventDate "2004.06.10"]
[Annotator "MI Nikolai Vlassov"]
[PlyCount "108"]
[Source "Chess Today"]
[SourceDate "2004.06.15"]

1. d4 d5 2. c4 c6 3. Nf3 Nf6 4. Nc3 a6
{Este e um sistema muito popular, sugerido pela primeira vez por Chabanenko. As pretas nao querem fechar a diagonal do Bispo com o tradicional lance ...e6, por isso elas fazem um lance aparentemente estranho, mas bastante util, preparando ...b5.}
5. c5 {A resposta mais critica.} ({Apos} 5. cxd5 cxd5
{o lance ...a6 ajuda as pretas.}) 5... Nbd7 6. Bf4 Nh5 7. Be3 g6 8. g4 Nhf6
9. h3 Bg7 10. Bg2 O-O 11. O-O h5 12. g5 Nh7 13. Qd2 $146
{Lputian conecta as suas Torres e nao enfraquece a casa g4. Entretanto, isto nao e o bastante para conseguir vantagem.} (
{Ja foi jogado o seguinte} 13. h4 f6 ({tambem e possivel} 13... e5 14. dxe5
Nxe5) 14. Qd2 e5 15. gxf6 Qxf6 16. Rad1 Qe7 17. b4 exd4 18. Bxd4 Bxd4 19. Qxd4
Ndf6 20. Qe5 Qxe5 21. Nxe5 Bf5 22. Nf3 Ne4 23. Nxe4 Bxe4 24. Nd4 Bxg2 25. Kxg2
Nf6 26. f3 Rae8 27. Rg1 Kh7 28. Rd3 Nd7 29. Kg3 Rf7
{1/2-1/2 Sakaev-Malakhov, Dagomys 2004}) 13... e5 14. Nxe5 Nxe5 15. dxe5 Bxe5
16. f4 Bg7 17. Bd4 Bxd4+ 18. Qxd4 Bf5 19. Rad1 Re8 20. Rfe1 (
{Uma possivel linha e} 20. e4 dxe4 21. Nxe4 Bxe4 22. Bxe4 Qxd4+ 23. Rxd4 Rad8
24. Rxd8 Rxd8 25. Kg2
{e aqui, se as Torres nao estivessem no tabuleiro, o Bispo seria muito mais forte do que o Cavalo. Mas, com as Torres, as pretas possuem chances iguais.})
20... Qc7 21. Qf2 (21. e4 {nao acrescenta nada para as brancas,} 21... dxe4
22. Nxe4 Bxe4 23. Rxe4 Rxe4 24. Qxe4 Rd8) 21... Rad8 22. e4 dxe4 23. Rxd8 Qxd8
24. Nxe4 Bxe4 25. Rxe4 Rxe4 26. Bxe4 Nf8
{Capablanca dizia que embora um Bispo seja normalmente mais forte do que um Cavalo, essa regra se inverte completamente quando as Damas ainda estiverem no tabuleiro. Lputian escolheu manter as Damas na tentativa de jogar por uma vitoria, mas as brancas devem tomar cuidado para nao se complicarem aqui.}
27. Kg2 Qe7 28. Bc2 a5 29. a3 Ne6 30. b4 axb4 31. axb4 Qc7 32. Kg3 $6 (
{O correto} 32. f5 {teria conduzido a um empate. Por exemplo:} 32... Nf4+
33. Kf3 Nxh3 34. Qg3 Qxg3+ 35. Kxg3 Nxg5 36. fxg6 Ne6 37. Kh4 Nf4 38. gxf7+
Kxf7 39. Bf5 Ne6 40. Kxh5 Kf6 41. Kg4 Ke5 42. Bd3 Kd4 43. Bf5 Nd8 44. Kf4 Kc4
45. Ke5 Kxb4 46. Kd4 $11) 32... Nxg5 33. Qd4 Nh7 ({Era mais forte:} 33... Ne6
$1 {e as pretas devem ganhar:} 34. Qd6 Qxd6 35. cxd6 Kf8 36. f5 gxf5 37. Bxf5
Ke8 38. Bxe6 (38. Kh4 Ng7 39. Bc8 b5 $1 (39... b6 40. Kg5 Kd8 41. d7 $1 (
41. Ba6 b5 $19) 41... Ne6+ 42. Kxh5 b5 43. Kg4 c5 44. bxc5 b4 45. Ba6 b3
46. Bd3 Nxc5 47. Bb1 Kxd7 48. h4 Ke7 49. Kf5 {e as brancas conseguem empatar.})
40. Kg5 Kd8 41. Bb7 Kd7 42. h4 Kxd6 43. Bc8 c5 44. bxc5+ Kxc5 45. Bd7 f5 $1 $19)
38... fxe6 39. Kh4 b5 40. Kxh5 c5 41. bxc5 b4 $19) 34. Qd6 Qc8 35. f5 gxf5 (
{Depois de} 35... Qe8 36. fxg6 Qe1+ 37. Kg2 Qe2+ 38. Kg3 Qxc2 39. gxh7+ Kxh7
40. Kh4 Qf5 41. Qc7 Qd5 42. Qxb7 Kg6 43. Kg3
{as chances brancas de empate sao maiores do que as chances pretas de vitoria.})
36. Kf4 $2 ({Apos} 36. Qf4 $1 {as brancas devem sobreviver.}) 36... Qe6 $1
37. Qxe6 $2 (37. Bxf5 Qc4+ 38. Ke3
{e as brancas ainda teriam boas chances de empate.}) 37... fxe6 38. Ke5 Kf7
39. Bb3 Ng5 40. Kd6 f4 ({Tambem e ganhador} 40... h4 41. Kc7 Nxh3 42. Kxb7 Nf2
43. Ba4 h3 44. Bxc6 Ne4 45. Bxe4 fxe4 46. c6 h2 47. c7 h1=Q 48. c8=Q e3+
49. Kb6 Qe4 $19) 41. Kc7 (
{As brancas poderiam ter algumas vas esperancas apos} 41. h4 Nf3 42. Bxe6+ Kf6
43. Bc8 {mas as pretas ganham de qualquer forma:} 43... Nd4 44. Bxb7 f3 45. Ba6
Kf5 46. b5 cxb5 47. c6 Nxc6 $1 48. Kxc6 b4 $19
{o Bispo nao consegue parar todos os Peoes pretos.}) 41... f3 42. Kxb7 f2
43. Bc4 Nf3 44. b5 (44. Bf1 Nd4 $19) 44... Nd2 45. Be2 cxb5 46. c6 Nc4 47. c7
Nd6+ 48. Kb6 Ke7 ({Tambem era ganhador} 48... b4 49. Kc5 Ke7 50. Kxb4 Kd7
51. Kc5 Kxc7 52. Kd4 Nf5+ 53. Ke5 Ng3 54. Bc4 Kc6 55. Kxe6 Kc5 $19) 49. Bxb5
Nxb5 50. c8=Q f1=Q 51. Qc5+ Kd8 52. Qxh5 (52. Qg5+ Kd7 53. Qg7+ Kd6 54. Qg3+
Kd5 $19) 52... Nd6 53. Kc6 Nf7 54. h4 Qa6+ 0-1

[Event "Armenia contra o resto do mundo"]
[Site "CXC"]
[Date "2004.06.15"]
[Round "6"]
[White "Anand, V."]
[Black "Kasparov, G."]
[Result "1/2-1/2"]
[WhiteElo "2774"]
[BlackElo "2817"]
[EventDate "2004.06.10"]
[Annotator "GM Mikhail Golubev"]
[PlyCount "51"]
[Source "Chess Today"]
[SourceDate "2004.06.15"]

1. e4 c5 2. Nf3 Nc6 {O lance da moda nos dias de hoje!} (
{No passado, a marca registrada de Kasparov foi sempre a Variante Najdorf:} 
2... d6 3. d4 cxd4 4. Nxd4 Nf6 5. Nc3 a6) 3. d4 cxd4 4. Nxd4 Nf6 5. Nc3 e5
{Evidentemente, a 'Sveshnikov'.} 6. Ndb5 d6 7. Bg5 a6 8. Na3 b5 9. Bxf6 gxf6
10. Nd5 Bg7 (
{Em uma de suas primeiras partidas serias na 'Sveshnikov' com as pretas (contra Shirov, Linares-2002) Kasparov preferiu} 
10... f5) 11. c3 f5 12. exf5 Bxf5 13. Nc2 O-O 14. Nce3 Be6 15. Bd3 f5 16. O-O
Ra7 17. a4 Ne7 $1
{O sacrificio de Peao inventado por Kramnik. Esta posicao tem ocorrido diversas vezes no alto nivel enxadristico, e nao tem sido encontrado nada de muito bom para as brancas.}
18. Nxe7+ Rxe7 19. axb5 axb5 20. Ra6
{Em partidas recentes, as brancas preferiram outros lances.} ({Por exemplo,} 
20. Bc2 Kh8 $5
{e as pretas estavam bem na partida Shirov-Kramnik, Linares 2004}) ({ou} 
20. Bxb5 d5 21. Ra6 Kh8 22. Qa4 f4 23. Nc2
{com jogo complicado, foi tentado na partida Hector-Carlsen, Sigeman Tournament 2004.})
20... d5 21. Nc2 $146
{Uma novidade. As brancas demoram para tomar o Peao b5 e melhoram a posicao do Cavalo. O lance 21. Bxb5 transporia para a partida Hector-Carlsen. Osacrificio de qualidade 21.Txe6 dificilmente e promissor para as pretas.}
21... Bc8 $5
{A principal ideia branca era Cb4, Cc6 e as pretas previnem esta manobra.}
22. Ra8 Qd7 $1 {O mais preciso.} ({Depois de} 22... Rb7 $6
{desagradavel e o lance} 23. Ne3 $1 e4 24. Bb1 ({ou} 24. Bc2)) ({se} 22... Qb6
{as brancas podem continuar} 23. Nb4 $5 ({tambem e possivel} 23. Ne3
{e as pretas devem defender o Peao d por meio de} 23... Qc6 $1)) 23. Nb4 (
23. Ra5 $5
{era jogavel, mas dificilmente tambem era uma alternativa promissora.})
23... e4 24. Be2 Bb7 25. Ra5 d4 26. cxd4
{Nesta posicao, ainda complexa, ocorreu um empate por comum acordo. As pretas poderiam ter continuado com um natural 26...Dxd4, e as brancas possuem pequena vantagem - o empate parece um resultado provavel. Outras ideias, mais arriscadas, eram 26...f4!? e 26... Rh8!?, com a possibilidade de ocorrer todos os tres resultados.}
1/2-1/2

[Event "Campeonato Ingles"]
[Site "CXC"]
[Date "2003.??.??"]
[Round "5"]
[White "Vujatovic, R."]
[Black "Lee, G."]
[Result "0-1"]
[WhiteElo "2265"]
[BlackElo "2360"]
[EventDate "2003.??.??"]
[Annotator "Andrew Martin"]
[PlyCount "54"]
[Source "Chess Today"]
[SourceDate "2004.06.17"]

1. d4 Nf6 2. c4 c5 3. d5 e5 4. Nc3 d6 5. e4 Be7 (5... Nbd7
{foi sugerido por William Hartston ha muito tempo atras como prevencao aos usuais lances brancos Bd3, h3, g4. Porexemplo}
6. h3 (
{tambem e digna de atencao a sequeencia da partida Ghitescu-Petrosian Zagreb 1970} 
6. Nf3 Be7 7. Bd3 Nf8 8. h3 Bd7 9. Qe2 a6 10. Be3 Ng6 11. Nd2 h5 $1 12. a3 h4
13. Nf3 Nh5 14. Qc2 Ngf4 15. Bf1 b5 $1 $17) 6... Be7 7. Bd3 Nf8 $5 8. Be3 h5 $5
9. Qd2 h4
{com as ideias ...Cfh7 e ...Bg5 ou talvez ...Cg6, ...Ch5 e ... Chf4! Este e um metodo fascinante de jogar as posicoes da Benoni.})
6. Bd3
{Eu ja me aventurei a jogar esta linha da Benoni em algumas ocasioes e o lance 6 Bd3 me pareceu mecanico demais. So porque Kasparov o utilizou nos devemos joga-lo tambem... realmente o plano branco de restringir as pretas e posteriormente atacar o seu Rei e muito perigoso, mas eu creio que um jogador bem preparado nao tem nada a temer aqui.}
6... O-O 7. h3 Ne8 8. Nf3 Nd7 9. g4 a6 $1
{Um componente essencial do plano preto, preparando o contra jogo na ala da dama com ...b7-b5. As brancas tentam impedir isto, mas agora o plano delas torna-se bastante inviavel - elas estao lutando com as pretas em ambos os flancos e ao mesmo tempo jogam para dar mate! Entretanto, Kasparov trilhou este caminho e, por isso, Vujatovic o segue:}
10. a4 Rb8 11. Rg1 Kh8 $5 $146
{Existem duas razoes para este peculiar lance: 1) As pretas podem querer manobrar um Cavalo para g8 para evitar um possivel Bh6; 2) O Rei estara mais seguro em h8 se as pretas resolverem jogar ...f7-f5.} (
{O lance} 11... Nc7
{foi jogado na famosa partida Kasparov-Miles, Basel 1986 e as pretas preparam um rapido ..b7-b5. As brancas ganharam e este e o exemplo que as pessoas querem seguir. A melhora de Lee e interessante. Ele se arriscara a jogar ... f7-f5. O avanco ...b7-b5 vem depois.})
12. Qe2 Ndf6 13. Be3 Bd7 14. g5 Ng8 15. h4 g6 16. Nd2
{Este e o momento critico da linha Czech na Benoni. As brancas estao restringindo as pretas, mas os seus Peoes nao podem voltar e o seu Rei estara perdido se as pretas abrirem a posicao.} (
{A operacao no flanco mencionada mais cedo e:} 16. h5 Ng7 17. hxg6 fxg6 18. Rh1
Nh5 $1 $13) (16. a5 Ng7 17. Nd2 f5 18. exf5 Nxf5 19. h5 Kg7 20. hxg6 hxg6 $13)
16... f5 $1
{Lee parte para a acao! As fraquezas brancas aparecem quase que imediatamente.}
17. exf5 (17. Nf3 Ng7 18. a5 (18. exf5 Bxf5 19. Nd2 Bd7 20. Nde4 Nh5 $13)
18... b5 $132) 17... gxf5 18. f4 (18. Nb3 Ng7 19. a5 b6 $1 $13) 18... Qa5
19. Qh5 e4 20. Bc2 Ng7 21. Qe2 Be8 $1
{Este e um bom lance. As pretas evitam ...h4-h5 e se preparam para ocupar aquela casa.}
22. O-O-O Bh5 23. Qg2 b5 $1 {Rejeitando a Torre, quanta coragem!} (
{No entanto} 23... Bxd1 24. Bxd1 b5 {tambem era muito bom.}) 24. Ne2 $6
{As brancas estao psicologicamente abaladas. O segundo jogador conseguiu realizar os dois avancos criticos (...f7-f5 e ...b7-b5) e provavelmente deve ganhar por ataque, mesmo se as brancas nao cometerem erros na defesa.}
24... bxa4 25. Nc3 Rxb2 $1
{Todos nos tambem podemos jogar tais lances, eu estou convencido que beleza e estetica sao razoes muito importantes para jogar xadrez. E estou certo de que voce concorda comigo!}
26. Kxb2 a3+ 27. Kb3 Qb4+ 0-1